000 00833nam a2200241Ia 4500
003 GCL
008 140319s9999 xx 000 0 eng d
020 _a1560007591
040 _aGCL /
_cGCL
082 0 4 _a338.98
_bN I
100 1 _aNELSON, JOAN M.
245 1 0 _aINTRICATE LINKS :
_bDEMOCRATIZATION AND MARKET REFORMS IN LATIN AMERICA AND EASTERN EUROPE /
_cNELSON, JOAN M.
700 1 _aKOCHANOWICZ, JACEK
260 _aنيويورك :
_bTRANSACTION PUBLISHERS ،
_c1994
300 _a22 CM ؛
_cVII,230 P
650 0 4 _aLATIN AMERICA - ECONOMIC POLICY
650 0 4 _aEUROPE, EASTERN - ECONOMIC POLICY
650 0 4 _aDEMOCRACY - LATIN AMERICA
650 0 4 _aDEMOCRACY - EUROPE, EASTERN
650 0 4 _aLATIN AMERICA - POLITICS AND GOVERNMENT
650 0 4 _aEUROPE, EASTERN - POLICTIS AND GOVERNMENT - 1989
942 _2ddc
_cBK
999 _c8088
_d8088